| 000 | 02339nam a22002897a 4500 | ||
|---|---|---|---|
| 005 | 20260411113309.0 | ||
| 008 | 260411b |||||||| |||| 00| 0 eng d | ||
| 020 | _a9788126560431 | ||
| 040 | _cAL | ||
| 041 | _aeng | ||
| 082 |
_a621.3192 _bARIP |
||
| 100 |
_aJos Arrillaga _9261484 |
||
| 245 | _aPower system harmonics Ed 2 | ||
| 250 | _a2 | ||
| 260 |
_aDelhi _bWiley _c2016 |
||
| 300 |
_ax,399p _bPB _c23.5x18.5cm |
||
| 365 |
_2Electronics and Communication Engineering _aVBI-2645 _b₹746.25 _c₹ _d₹995.00 _e25% _f20-02-2026 |
||
| 520 | _aHarmonic distortion problems include equipment overheating, motor failures, capacitor failure and inaccurate power metering. The topic of power system harmonics was covered for the first time 20 years ago and the first edition has become a standard reference work in this area. Unprecedented developments in power electronic devices and their integration at all levels in the power system require a new look at the causes and effects of these problems, and the state of hardware and software available for harmonic assessment. Following the successful first edition, this second edition of Power System Harmonics maintains the practical approach to the subject and discusses the impact of advanced power electronic technology on instrumentation, simulation, standards and active harmonic elimination techniques. Features include: A new chapter on modern digital instrumentation techniques. Added sections on active filters and modern distorting devices such as FACTS devices, multilevel conversion, current source, voltage source inverters and turn-OFF-related power electronic devices. References to international standards for harmonics and inter-harmonics. Numerical examples of technique application. Offering a comprehensive understanding of power systems, this book is an asset to power engineers involved in the planning, design and operation of power system generation, transmission and distribution. Researchers and postgraduate students in the field will also benefit from this useful reference. | ||
| 650 |
_aHarmonic Analysis _9261472 |
||
| 650 |
_aElimination _9261473 |
||
| 650 |
_aFlows _9261474 |
||
| 650 |
_aAssessment _9261475 |
||
| 650 |
_aMonitoring _9261476 |
||
| 700 |
_aArrillaga, Jos _9261477 |
||
| 700 |
_aWatson, Neville R _9261478 |
||
| 942 |
_2ddc _cBK |
||
| 999 |
_c241229 _d241229 |
||